000 00534nam a2200193Ia 4500
005 20250923145923.0
008 008 250917s9999 xx 000 0 eng d
037 _aTextual
040 _aDSWL
_beng
_cDSWL
041 _aeng
_2eng
084 _qDSWL
245 0 _aSocial welfare schemes & Services : Report of the work shop on community mental
_c by Delhi N.C.T.
260 _aNew Delhi
_b Deptt. Social Welfare
_c1995
300 _a44p.
365 _bGift
925 _gGift
942 _cTEXL
999 _c1457380
_d1457380